header

Reshaping the self (Record no. 38825)

MARC details
000 -LEADER
fixed length control field 01233nam a2200313 a 4500
082 04 - DEWEY DECIMAL CLASSIFICATION NUMBER
Classification number 616.89/14
100 1# - MAIN ENTRY--AUTHOR NAME
Personal name Eigen, Michael.
245 10 - TITLE STATEMENT
Title Reshaping the self
260 ## - PUBLICATION, DISTRIBUTION, ETC. (IMPRINT)
Place of publication London :
Name of publisher Karnac,
Year of publication 2013.
300 ## - PHYSICAL DESCRIPTION
Number of Pages xvi, 198 p.
500 ## - GENERAL NOTE
General note Originally published by Psychosocial Press in 1995.
650 #0 - SUBJECT ADDED ENTRY--TOPICAL TERM
Topical Term Psychotherapy
Topical Term Self-actualization (Psychology)
856 40 - ELECTRONIC LOCATION AND ACCESS
Uniform Resource Identifier http://site.ebrary.com/lib/rucke/Doc?id=10720738

No items available.

© 2026 Rongo University
Contact us: librarian | system librarian | Rongo university